000 00286nam a2200121Ia 4500
008 191201s2007 xx 000 0 und d
100 _aRIES,A.L.
245 0 _aPositioning The Battle for Your Mind
260 _aN.Delhi
_bTMH
_c2007
300 _a-
650 _aApplied
942 _2ddc
_cBK
999 _c3299
_d3299